000 00342nam a2200157Ia 4500
003 Ost
005 20260225132537.0
008 260225s9999||||xx |||||||||||||| ||und||
040 _cfsic
041 _afre
082 _a302.2
100 _aMichel senes
_eAuteur
245 0 _aLa communication /
245 0 _cMichel senes
942 _cكتاب
999 _c33284
_d33284